| 000 | 01449nac a22003131u 4500 | ||
|---|---|---|---|
| 090 | _c | ||
| 008 | 090129t xxu||||| |||| 00| 0 eng d | ||
| 010 | _a2004056943 | ||
| 020 | _a0071244468 | ||
| 035 | _a(OCoLC)ocm86117314 | ||
| 035 | _a(OCoLC)86117314 | ||
| 082 | 0 | 0 |
_a658.404 _bGRA |
| 100 | _aGray, Clifford F. | ||
| 245 | 1 | 0 |
_aProject management : _bThe managerial process / _cClifford F. Gray, Erik W. Larson. |
| 250 |
_a3rd ed. _bInternational student ed. |
||
| 260 |
_aBoston : _bMcGraw-Hill/Irwin, _cc2006. |
||
| 300 |
_axvii, 589 p. : _bill. ; _c27 cm. + _e1 CD-ROM (4 3/4 in.). |
||
| 440 | 4 | _aThe McGraw-Hill/Irwin series operations and decision sciences | |
| 504 | _aIncludes bibliographical references and index. | ||
| 650 | 0 | _aProject management. | |
| 650 | 0 | _aTime management. | |
| 650 | 0 | _aRisk management. | |
| 700 | 1 |
_aLarson, Erik W., _d1952- |
|
| 856 | 4 | 1 |
_3Table of contents only _uhttp://www.loc.gov/catdir/toc/ecip0713/2007007198.html |
| 856 | 4 | 1 |
_3Contributor biographical information _uhttp://www.loc.gov/catdir/enhancements/fy0814/2007007198-b.html |
| 856 | 4 | 1 |
_3Publisher description _uhttp://www.loc.gov/catdir/enhancements/fy0814/2007007198-d.html |
| 942 |
_cBB _k658.404GRA _2ddc |
||
| 999 |
_c10600 _d10600 |
||